000 00825nam a2200229Ii 4500
003 JO-AjNU
008 230605s9999||||xx |||||||||||||| ||und||
017 _a2014/7/3313
020 _a978-9957-35-092-5
040 _aJO-AjNU
_bara
_erda
_cJO-AjNU
041 _aara
050 1 4 _aHG4026 2015
100 3 _aعبدالله،علي خلف ؛مؤلف مشارك وليد ناجي الحيالي ,
_eauthor
_963965
245 0 0 _aالتحليل المالي للرقابة على الأداء والكشف عن الإنحرافات
250 _aط1
264 3 1 _aعمان:مركز الكتاب الاكاديمي،2015
300 _a198ص
336 _atext
_btxt
_2rdacontent
337 _aunmediated
_bn
_2rdamedia
338 _avolume
_bnc
_2rdacarrier
650 4 _aالتحليل المالي -الرقابة
_963966
999 _aA29041
_c32609
_d32609